Tratamiento quirúrgico de las enfermedades vasculares / (Record no. 120925)

MARC details
000 -LEADER
campo de control de longitud fija 01075nam a2200277 4500
001 - NÚMERO DE CONTROL
campo de control 120925
003 - IDENTIFICADOR DE NÚMERO DE CONTROL
campo de control ES-MaACL
005 - FECHA Y HORA DE LA ÚLTIMA TRANSACCIÓN
campo de control 20250401134746.0
007 - CAMPO FIJO DE DESCRIPCIÓN FÍSICA--INFORMACIÓN GENERAL
campo de control de longitud fija t|
008 - DATOS DE LONGITUD FIJA--INFORMACIÓN GENERAL
campo de control de longitud fija 070214s1952 sp r ||||1| spa d
100 1# - ENTRADA PRINCIPAL--NOMBRE DE PERSONA
Nombre de persona Pratt, Gerald H.
9 (RLIN) 93716
245 10 - MENCIÓN DEL TÍTULO
Título Tratamiento quirúrgico de las enfermedades vasculares /
Mención de responsabilidad, etc. Gerald H. Pratt ; traducción de la edición original por los Doctores L. Oller Croiset y J. Valls Serra.
250 ## - MENCION DE EDICION
Mención de edición 1ª ed.
260 ## - PUBLICACIÓN, DISTRIBUCIÓN, ETC.
Lugar de publicación, distribución, etc. Barcelona :
Nombre del editor, distribuidor, etc. José Janés,
Fecha de publicación, distribución, etc. 1952.
300 ## - DESCRIPCIÓN FÍSICA
Extensión XX, 555 p. :
Otras características físicas il. ;
Dimensiones 25 cm.
490 1# - MENCIÓN DE SERIE
Mención de serie Publicaciones médicas
650 #4 - PUNTO DE ACCESO ADICIONAL DE MATERIA--TÉRMINO DE MATERIA
9 (RLIN) 12270
Término de materia o nombre geográfico como elemento de entrada Enfermedades vasculares
700 0# - ENTRADA AGREGADA--NOMBRE PERSONAL
Nombre de persona Oller Crosiet, Luis.
9 (RLIN) 86914
700 1# - ENTRADA AGREGADA--NOMBRE PERSONAL
Nombre de persona Valls Serra, J.
9 (RLIN) 112951
830 0# - PUNTO DE ACCESO ADICIONAL DE SERIE-TÍTULO UNIFORME
Título uniforme Publicaciones médicas
9 (RLIN) 181357
852 ## - LOCALIZACIÓN
Ubicación ES-MaACL
Número de control de estantería D-6422
Sublocalización o colección R.32712
-- R.M.6017
itemnumber 125430
Ubicación en estantería Sala Valle Inclán
Encuadernación Encuadernación en tela azul marino
942 ## - ELEMENTOS DE ENTRADA SECUNDARIOS (KOHA)
Fuente del sistema de clasificación o colocación Clasificación decimal universal
Tipo de ítem Koha Libro impreso
Holdings
Estatus retirado Estado de pérdida Estado de daño No para préstamo Biblioteca de origen Biblioteca actual Ubicación en estantería Fecha de adquisición Fuente de adquisición Total de préstamos Signatura topográfica completa Código de barras Visto por última vez Precio de reemplazo Tipo de ítem Koha
        Biblioteca del Ateneo de Madrid Biblioteca del Ateneo de Madrid Sala Valle Inclán 17/01/2008     D-6422 901126035 23/02/2023 23/02/2023 Libro impreso